Statystyki dla Kierowcy w wyścigach DTM

Kliknij tutaj aby rozwiązać quiz!

Ogólne statystyki

  • Ten quiz został rozwiązany 20 razy
  • Średni wynik to 10 z 16

Statystyki odpowiedzi

ZespółKierowca% Poprawnych
BMWROBERT KUBICA
100%
AudiNICO MÜLLER
88%
AudiRENÉ RAST
82%
BMWTIMO GLOCK
82%
AudiFABIO SCHERER
76%
AudiFERDINAND HABSBURG
76%
AudiROBIN FRIJNS
76%
BMWSHELDON VAN DER LINDE
71%
BMWMARCO WITTMANN
59%
AudiHARRISON NEWEY
53%
BMWJONATHAN ABERDEIN
53%
AudiLOÏC DUVAL
53%
AudiMIKE ROCKENFELLER
47%
BMWLUCAS AUER
41%
AudiJAMIE GREEN
35%
BMWPHILIPP ENG
29%

Rozkład punktacji

Percentyl według liczby udzielonych odpowiedzi

Procent ludzi z każdym wynikiem

Twoja historia wyników

Nie rozwiązałeś tego quizu